LEADER 02635oam 2200673I 450 001 9910463025103321 005 20200520144314.0 010 $a1-136-15599-6 010 $a1-283-86070-8 010 $a0-203-07863-2 024 7 $a10.4324/9780203078631 035 $a(CKB)2670000000312383 035 $a(EBL)1092630 035 $a(OCoLC)820719941 035 $a(SSID)ssj0000813517 035 $a(PQKBManifestationID)12328009 035 $a(PQKBTitleCode)TC0000813517 035 $a(PQKBWorkID)10769164 035 $a(PQKB)10373670 035 $a(SSID)ssj0000783750 035 $a(PQKBManifestationID)12336320 035 $a(PQKBTitleCode)TC0000783750 035 $a(PQKBWorkID)10759792 035 $a(PQKB)11240670 035 $a(MiAaPQ)EBC1092630 035 $a(Au-PeEL)EBL1092630 035 $a(CaPaEBR)ebr10632437 035 $a(CaONFJC)MIL417320 035 $a(OCoLC)827950419 035 $a(EXLCZ)992670000000312383 100 $a20180706d2013 uy 0 101 0 $aeng 135 $aur|n|---||||| 181 $ctxt 182 $cc 183 $acr 200 10$aMelodies of the mind $econnections between psychoanalysis and music /$fJulie Jaffee Nagel 210 1$aLondon ;$aNew York :$cRoutledge,$d2013. 215 $a1 online resource (156 p.) 300 $aDescription based upon print version of record. 311 $a0-415-69279-2 311 $a0-415-69278-4 320 $aIncludes bibliographical references and index. 327 $apt. I. The aural road -- pt. II. Moods and melodies -- pt. III. The aural/oral road less traveled. 330 $aWhat can psychoanalysis learn from music? What can music learn from psychoanalysis? Can the analysis of music itself provide a primary source of psychological data?Drawing on Freud's concept of the oral road to the unconscious, Melodies of the Mind invites the reader to take a journey on an aural and oral road that explores both music and emotion, and their links to the unconscious. In this book, Julie Jaffee Nagel discusses how musical and psychoanalytic concepts inform each other, showing the ways that music itself provides an exceptional non-verbal path 606 $aMusic$xPsychological aspects 606 $aPsychoanalysis and music 608 $aElectronic books. 615 0$aMusic$xPsychological aspects. 615 0$aPsychoanalysis and music. 676 $a781/.11 700 $aNagel$b Julie Jaffee.$0992364 801 0$bMiAaPQ 801 1$bMiAaPQ 801 2$bMiAaPQ 906 $aBOOK 912 $a9910463025103321 996 $aMelodies of the mind$92272337 997 $aUNINA LEADER 05210oam 22012254 450 001 9910788232303321 005 20230721045657.0 010 $a1-4623-7799-8 010 $a1-4527-0872-X 010 $a9786612841408 010 $a1-4518-7047-7 010 $a1-282-84140-8 035 $a(CKB)3170000000055086 035 $a(EBL)1607969 035 $a(SSID)ssj0000944154 035 $a(PQKBManifestationID)11597310 035 $a(PQKBTitleCode)TC0000944154 035 $a(PQKBWorkID)10983809 035 $a(PQKB)10534219 035 $a(OCoLC)762613919 035 $a(MiAaPQ)EBC1607969 035 $a(IMF)WPIEE2008189 035 $a(EXLCZ)993170000000055086 100 $a20020129d2008 uf 0 101 0 $aeng 135 $aur|n|---||||| 181 $ctxt 182 $cc 183 $acr 200 10$aInvestigating Inflation Dynamics in Sudan /$fKenji Moriyama 210 1$aWashington, D.C. :$cInternational Monetary Fund,$d2008. 215 $a1 online resource (23 p.) 225 1 $aIMF Working Papers 225 0$aIMF working paper ;$vWP/08/189 300 $aDescription based upon print version of record. 311 $a1-4519-1500-4 320 $aIncludes bibliographical references. 327 $aContents; I. Introduction; II. Background; III. Model; IV. Data Issues and Results; A. Single-Equation Model; B. Structural Vector Auto Regression Model (SVAR); C. Vector Error Correction Model (VECM); V. Policy Implications and Conclusions; Appendixes; I. Data Issues; II. Structural Model Assumptions; Tables; 1. Unit Root Tests; 2. Estimated Regressions; 3. Elasticities of Inflation to Money Supply and Nominal Exchange Rate; 4. Schwartz Information Criterion (SIC) and Akaike Information Criterion (AIC); 5. Johansen Co-Integration Tests; References 330 3 $aThis paper investigates inflation dynamics in Sudan using three different approaches: the single equation model, the structural vector-auto regression model and a vector error correction model. This is the first study in a low-income and a post-conflict country that uses these three separate techniques to understand inflation dynamics. The use of these approaches is particularly useful to check the robustness of the estimated parameters in the model for a country with limited data coverage and possible structural breaks. The estimated results suggest that money supply growth and nominal exchange rate changes affect inflation with 18-24 months time lag. 410 0$aIMF Working Papers; Working Paper ;$vNo. 2008/189 606 $aInflation (Finance)$zSudan$xEconometric models 606 $aMonetary policy$zSudan$xEconometric models 606 $aEconometrics$2imf 606 $aForeign Exchange$2imf 606 $aInflation$2imf 606 $aMoney and Monetary Policy$2imf 606 $aMonetary Policy, Central Banking, and the Supply of Money and Credit: General$2imf 606 $aPrice Level$2imf 606 $aDeflation$2imf 606 $aMultiple or Simultaneous Equation Models$2imf 606 $aMultiple Variables: General$2imf 606 $aTime-Series Models$2imf 606 $aDynamic Quantile Regressions$2imf 606 $aDynamic Treatment Effect Models$2imf 606 $aDiffusion Processes$2imf 606 $aState Space Models$2imf 606 $aMonetary economics$2imf 606 $aMacroeconomics$2imf 606 $aCurrency$2imf 606 $aForeign exchange$2imf 606 $aEconometrics & economic statistics$2imf 606 $aMonetary base$2imf 606 $aExchange rates$2imf 606 $aVector error correction models$2imf 606 $aStructural vector autoregression$2imf 606 $aMoney supply$2imf 606 $aPrices$2imf 606 $aEconometric models$2imf 607 $aSudan$xEconomic conditions$xEconometric models 607 $aSudan$2imf 615 0$aInflation (Finance)$xEconometric models. 615 0$aMonetary policy$xEconometric models. 615 7$aEconometrics 615 7$aForeign Exchange 615 7$aInflation 615 7$aMoney and Monetary Policy 615 7$aMonetary Policy, Central Banking, and the Supply of Money and Credit: General 615 7$aPrice Level 615 7$aDeflation 615 7$aMultiple or Simultaneous Equation Models 615 7$aMultiple Variables: General 615 7$aTime-Series Models 615 7$aDynamic Quantile Regressions 615 7$aDynamic Treatment Effect Models 615 7$aDiffusion Processes 615 7$aState Space Models 615 7$aMonetary economics 615 7$aMacroeconomics 615 7$aCurrency 615 7$aForeign exchange 615 7$aEconometrics & economic statistics 615 7$aMonetary base 615 7$aExchange rates 615 7$aVector error correction models 615 7$aStructural vector autoregression 615 7$aMoney supply 615 7$aPrices 615 7$aEconometric models 676 $a332.41 700 $aMoriyama$b Kenji$01472668 801 0$bDcWaIMF 906 $aBOOK 912 $a9910788232303321 996 $aInvestigating Inflation Dynamics in Sudan$93704152 997 $aUNINA LEADER 02133nas 2200481 n 450 001 990008891220403321 005 20240229084312.0 011 $a0002-9114 035 $a000889122 035 $aFED01000889122 035 $a(Aleph)000889122FED01 035 $a000889122 091 $2CNR$aP 00014254 100 $a20161109a18979999km-y0itaa50------ba 101 0 $aeng 102 $aUS 110 $aauu-------- 200 1 $aAmerican journal of archaeology 207 1$a1897- 210 $aBoston$cMacmillan Co. 326 $aTrimestrale 430 0$12001$aAmerican journal of archaeology and the history of fine arts 434 0$12001$aPapers of the American School of Classical Studies at Athens 434 0$12001$aPapers of the Archaeological Institute of America. American series 434 0$12001$aPapers of the Archaeological Institute of America. Classical series 434 0$12001$aAnnual report. Archaeological Institute of America 434 0$12001$aAnnual report of the Managing Committee of the American School of Classical Studies at Athens 452 0$12001$aAmerican journal of archaeology 530 0 $aAmerican journal of archaeology 675 $a930.26 676 $a930 676 $a913 712 02$aArchaeological institute of America 801 0$aIT$bACNP$c20090723 859 4 $uhttp://acnp.cib.unibo.it/cgi-ser/start/it/cnr/dc-p1.tcl?catno=6928&person=false&language=ITALIANO&libr=&libr_th=unina1$zBiblioteche che possiedono il periodico 901 $aSE 912 $a990008891220403321 958 $aBRAU. Biblioteca di Ricerca di Area Umanistica$b1897-1945;1949-1962;1964-1971;1977-$c1980-1981;$eGRAN BRETAGNA 29$fFLFBC 959 $aFLFBC 996 $aAmerican journal of archaeology$9649756 997 $aUNINA AP1 8 $6866-01$aNA072 BRAU. Biblioteca di Ricerca di Area Umanistica$bGRAN BRETAGNA 29$ePiazza Bellini 56/60, 80133 Napoli (NA)$m(081) 2533948$nit AP2 40$aacnp.cib.unibo.it$nACNP Italian Union Catalogue of Serials$uhttp://acnp.cib.unibo.it/cgi-ser/start/it/cnr/df-p.tcl?catno=6928&language=ITALIANO&libr=&person=&B=1&libr_th=unina&proposto=NO